00849nam a2200217 a 4500003000400000005001700004008004100021020001800062040002200080082002200102100002900124245007500153260007000228300002100298490005300319500007700372600003700449651006300486700003100549710005100580Ost20210519090647.0190322s2020 dr r 000 0 spa d a9789945503814 aBPMSUbspacBPMSU a987.04bB742B2221 aBosch, Juan, d1909-200110aBolívar y la guerra social /.cJuan Bosch; prólogo Matías Bosch  aSanto Domingo :bMinisterio de Cultura <bEditora Nacional,c2020 a203 p. ;c20 cm.0 a Biblioteca dominicana básica ; aEnsayo, v25 3Incluye referencias biográficas del autor en la solapa de la cubierta  4aBolívar, Simón, d1783-1830  4aVenezuela xHistoriayGuerra de Independencia, 1810-1823 1 aBosch, Matías epról. 2 aMinisterio de Cultura (República Dominicana)